Risk management in banking and insurance (Record no. 6264)

MARC details
000 -LEADER
fixed length control field 00920 a2200241 4500
005 - DATE AND TIME OF LATEST TRANSACTION
control field 20080826171741.0
008 - FIXED-LENGTH DATA ELEMENTS--GENERAL INFORMATION
fixed length control field 080826t xxu||||| |||| 00| 0 eng d
010 ## - LIBRARY OF CONGRESS CONTROL NUMBER
LC control number ENG-87238
020 ## - INTERNATIONAL STANDARD BOOK NUMBER
International Standard Book Number 9788184500158
Terms of availability 1250.00
035 ## - SYSTEM CONTROL NUMBER
System control number EN-70771
037 ## - SOURCE OF ACQUISITION
Source of stock number/acquisition DBAD / PUB
082 ## - DEWEY DECIMAL CLASSIFICATION NUMBER
Classification number 332.1068
245 ## - TITLE STATEMENT
Title Risk management in banking and insurance
Statement of responsibility, etc edited by S.B. Verma, Yogesh Upadhyay [and] R.K. Shrivastawa
260 ## - PUBLICATION, DISTRIBUTION, ETC. (IMPRINT)
Place of publication, distribution, etc New Delhi
Name of publisher, distributor, etc Deep & Deep Publications
Date of publication, distribution, etc 2007
270 ## - ADDRESS
Address F-159, Rajouri Garden
City New Delhi
Postal code 110 027
300 ## - PHYSICAL DESCRIPTION
Extent xv, 432p.
Dimensions 22cm (Hb )
500 ## - GENERAL NOTE
General note Includes index
700 ## - ADDED ENTRY--PERSONAL NAME
Personal name Verma, S.B.
700 ## - ADDED ENTRY--PERSONAL NAME
Personal name Upadhyay, Yogesh
700 ## - ADDED ENTRY--PERSONAL NAME
Personal name Shrivastava,, R.K.
942 ## - ADDED ENTRY ELEMENTS (KOHA)
Institution code [OBSOLETE] dpl
Koha item type English Books
Call number prefix 332.1068 / RES
Source of classification or shelving scheme Dewey Decimal Classification
Classification part 332.1068
Call number suffix RES
Holdings
Withdrawn status Lost status Damaged status Not for loan Home library Current library Date acquired Cost, normal purchase price Total Checkouts Full call number Barcode Date last seen Copy number Uniform Resource Identifier Cost, replacement price Price effective from Koha item type
        D.B.Act.Division D.B.Act.Division 26/08/2008 1250.00   332.1068 RES EN-70771 15/09/2008 1 6743 1250.00 15/09/2008 English Books

© Delhi Public Library
Hit Counter
free hit counter